[Event "Bayern-ch Seniors op 27th"]
[Site "Bergen"]
[Date "2015.06.15"]
[Round "4"]
[White "Peiberg, Ehrhard"]
[Black "Harke, Horst"]
[Result "1/2-1/2"]
[WhiteElo "1469"]
[BlackElo "1664"]
[PlyCount "59"]
[EventDate "2015.06.15"]
[EventType "swiss"]
[EventRounds "9"]
[EventCountry "GER"]
[SourceTitle "EXT 2019"]
[Source "ChessBase"]
[SourceDate "2018.10.10"]
[SourceVersion "1"]
[SourceVersionDate "2018.10.10"]
[SourceQuality "1"]

1. d4 d5 2. c4 c6 3. cxd5 Qxd5 4. Nc3 Qd8 5. Nf3 e6 6. e4 Be7 7. Bd3 h6 8. 0-0 Nd7 9. Re1 Bb4 10. a3 Bxc3 11. bxc3 Ngf6 12. c4 c5 13. d5 e5 14. Bb2 Qe7 15. Qc2 Nh7 16. Qc3 f6 17. Nh4 Ndf8 18. Nf5 Bxf5 19. exf5 Nd7 20. f4 0-0 21. Re2 Rae8 22. Rae1 Qd6 23. Qd2 Re7 24. Bc2 Nb6 25. Qd3 Nd7 26. Ba4 Nb6 27. fxe5 fxe5 28. Rxe5 Rxe5 29. Bxe5 Qd8 30. Bc2 1/2-1/2

[Event "Bayern-ch op Seniors 26th"]
[Site "Bergen"]
[Date "2014.06.25"]
[Round "5"]
[White "Oser, Thor"]
[Black "Harke, Horst"]
[Result "0-1"]
[WhiteElo "1622"]
[BlackElo "1686"]
[PlyCount "98"]
[EventDate "2014.06.21"]
[EventType "swiss"]
[EventRounds "7"]
[EventCountry "GER"]
[SourceTitle "EXT 2018"]
[Source "ChessBase"]
[SourceDate "2017.10.13"]
[SourceVersion "1"]
[SourceVersionDate "2017.10.13"]
[SourceQuality "1"]

1. d4 d5 2. e3 Nf6 3. Bd3 c6 4. Nd2 Nbd7 5. f4 Nb6 6. Ngf3 Bg4 7. h3 Bxf3 8. Qxf3 Qc7 9. g4 g6 10. h4 h5 11. g5 Ng4 12. f5 Qd6 13. fxg6 fxg6 14. c4 dxc4 15. Bc2 Bg7 16. Ne4 Qd5 17. Bd2 Rf8 18. Qh3 0-0-0 19. 0-0-0 Kb8 20. Rhf1 Nd7 21. Rxf8 Rxf8 22. Rf1 Rxf1+ 23. Qxf1 b5 24. Qe1 e5 25. Nc3 Qf7 26. d5 cxd5 27. Nxb5 a6 28. Nc3 e4 29. Ne2 Nde5 30. Nf4 Nd3+ 31. Bxd3 cxd3 32. Kb1 Ne5 33. Qd1 Qb7 34. Bc3 Nf3 35. Bxg7 Qxg7 36. Nxd5 Qb7 37. Nc3 Nxh4 38. Qa4 Nf3 39. Qe8+ Ka7 40. Qxg6 Nd2+ 41. Kc1 Nc4 42. b3 Nxe3 43. Qxh5 Qc7 44. Kb2 Qe5 45. Qh7+ Kb8 46. Qg8+ Kc7 47. Qh7+ Kb6 48. g6 Nd1+ 49. Ka3 Qc5+ 0-1

[Event "Bayern-ch op Seniors 26th"]
[Site "Bergen"]
[Date "2014.06.24"]
[Round "4"]
[White "Harke, Horst"]
[Black "Flockerzi, Armin"]
[Result "1-0"]
[WhiteElo "1686"]
[BlackElo "1565"]
[PlyCount "105"]
[EventDate "2014.06.21"]
[EventType "swiss"]
[EventRounds "7"]
[EventCountry "GER"]
[SourceTitle "EXT 2018"]
[Source "ChessBase"]
[SourceDate "2017.10.13"]
[SourceVersion "1"]
[SourceVersionDate "2017.10.13"]
[SourceQuality "1"]

1. d4 d5 2. c4 c6 3. e3 Nf6 4. Nc3 e6 5. Nf3 Be7 6. Bd3 b6 7. 0-0 Bb7 8. cxd5 Nxd5 9. e4 Nxc3 10. bxc3 0-0 11. Be3 Qc7 12. Qc2 h6 13. Qc1 f6 14. Bc4 Qd7 15. Nh4 Ba6 16. Bxa6 Nxa6 17. Qd1 g5 18. Ng6 Rf7 19. f4 Rg7 20. Nxe7+ Qxe7 21. Qb3 Kh8 22. fxg5 hxg5 23. Rf3 g4 24. Rf4 c5 25. Qc4 cxd4 26. cxd4 Nc7 27. Qe2 Rag8 28. g3 Rg6 29. Rc1 Qd7 30. Rcf1 Qe7 31. Bc1 Ne8 32. Bb2 R8g7 33. Rc1 Qd7 34. Qa6 Kh7 35. Qc8 Qb5 36. Rf2 Re7 37. Ba3 Reg7 38. Qxe6 Qd3 39. Bb2 Nc7 40. Qf5 Nb5 41. d5 Nd4 42. Bxd4 Qxd4 43. Rc8 Kh6 44. Rh8+ Rh7 45. Rxh7+ Kxh7 46. Kg2 a6 47. Qe6 Rh6 48. Qf5+ Kh8 49. Rc2 Qe5 50. Rc8+ Kg7 51. Qd7+ Kg6 52. Qxg4+ Kf7 53. Qg8+ 1-0

[Event "Bayern-ch Seniors 25th"]
[Site "Bergen"]
[Date "2013.06.20"]
[Round "7.16"]
[White "Klein, Reinhard"]
[Black "Harke, Horst"]
[Result "0-1"]
[WhiteElo "1764"]
[BlackElo "1693"]
[PlyCount "58"]
[EventDate "2013.06.15"]
[EventType "swiss"]
[EventRounds "9"]
[EventCountry "GER"]
[SourceTitle "EXT 2022"]
[Source "ChessBase"]
[SourceDate "2021.10.06"]
[SourceVersion "1"]
[SourceVersionDate "2021.10.06"]
[SourceQuality "1"]

1. d4 d5 2. Nf3 c6 3. c4 Nf6 4. Nc3 Bf5 5. e3 e6 6. Nh4 Be4 7. f3 Bg6 8. Nxg6 hxg6 9. Qb3 Qc7 10. e4 dxe4 11. Nxe4 Nxe4 12. fxe4 Nd7 13. e5 c5 14. Be3 cxd4 15. Bxd4 Nxe5 16. Be2 Nc6 17. 0-0-0 Nxd4 18. Rxd4 Bc5 19. Rdd1 0-0 20. Kb1 Rad8 21. h3 Rxd1+ 22. Rxd1 Qe5 23. Bf3 b6 24. Qd3 a5 25. Bc6 Rc8 26. Qe4 Qxe4+ 27. Bxe4 f5 28. Bc2 Be7 29. b3 Rd8 0-1

[Event "Bayern-ch Seniors 25th"]
[Site "Bergen"]
[Date "2013.06.19"]
[Round "6.19"]
[White "Harke, Horst"]
[Black "Schurig, Wilhelm"]
[Result "1-0"]
[WhiteElo "1693"]
[BlackElo "1820"]
[PlyCount "57"]
[EventDate "2013.06.15"]
[EventType "swiss"]
[EventRounds "9"]
[EventCountry "GER"]
[SourceTitle "EXT 2022"]
[Source "ChessBase"]
[SourceDate "2021.10.06"]
[SourceVersion "1"]
[SourceVersionDate "2021.10.06"]
[SourceQuality "1"]

1. d4 g6 2. c4 Bg7 3. Nc3 d6 4. e4 a6 5. Be2 c6 6. Nf3 b5 7. cxb5 cxb5 8. Be3 Nd7 9. 0-0 e6 10. Ne1 Ne7 11. f3 Nb6 12. a3 0-0 13. Qd2 Nc6 14. b4 Nc4 15. Bxc4 bxc4 16. Nc2 d5 17. Bh6 Bd7 18. Bxg7 Kxg7 19. exd5 exd5 20. Ne3 Be6 21. f4 Ne7 22. g4 f5 23. g5 Rh8 24. Rfe1 h6 25. gxh6+ Rxh6 26. Nxc4 Bd7 27. Ne5 Bb5 28. Nxb5 axb5 29. Qe3 1-0

[Event "Bayern-ch Seniors 24nd"]
[Site "Bergen"]
[Date "2012.06.22"]
[Round "7"]
[White "Kalkmann, Hans"]
[Black "Harke, Horst"]
[Result "1/2-1/2"]
[WhiteElo "1812"]
[BlackElo "1673"]
[PlyCount "48"]
[EventDate "2012.06.16"]
[EventType "swiss"]
[EventRounds "9"]
[EventCountry "GER"]
[SourceTitle "EXT 2015"]
[Source "ChessBase"]
[SourceDate "2014.11.20"]
[SourceVersion "1"]
[SourceVersionDate "2014.11.20"]
[SourceQuality "1"]

1. f4 d5 2. Nf3 Nf6 3. e3 Nbd7 4. b3 g6 5. Bb2 Bg7 6. Be2 0-0 7. 0-0 Ne4 8. Bxg7 Kxg7 9. Qe1 c6 10. d3 Nef6 11. Ne5 Nxe5 12. fxe5 Ng8 13. d4 Be6 14. Nd2 Qd7 15. c3 Nh6 16. Rc1 f6 17. exf6+ Rxf6 18. e4 Rxf1+ 19. Bxf1 Rf8 20. exd5 cxd5 21. Qe5+ Rf6 22. Be2 Nf7 23. Qe3 Qc7 24. Nf3 Qf4 1/2-1/2

[Event "Bad Woerishofen Seniors op 28th"]
[Site "Bad Woerishofen"]
[Date "2012.03.10"]
[Round "9.34"]
[White "Harke, Horst"]
[Black "Schumacher, Horst"]
[Result "1/2-1/2"]
[WhiteElo "1717"]
[BlackElo "1701"]
[PlyCount "44"]
[EventDate "2012.03.02"]
[EventType "swiss"]
[EventRounds "9"]
[EventCountry "GER"]
[SourceTitle "EXT 2022"]
[Source "ChessBase"]
[SourceDate "2021.10.06"]
[SourceVersion "1"]
[SourceVersionDate "2021.10.06"]
[SourceQuality "1"]

1. d4 d5 2. c4 Bf5 3. e3 e6 4. Bd3 Nf6 5. Bxf5 exf5 6. Qb3 Nc6 7. Bd2 Qd7 8. Nf3 dxc4 9. Qxc4 Ne4 10. 0-0 Bd6 11. Nc3 Nxd2 12. Nxd2 a6 13. Nf3 0-0 14. Rad1 Rfe8 15. a3 Rad8 16. b4 b5 17. Qb3 h6 18. g3 Ne7 19. Nh4 Kf8 20. Qb1 g6 21. Ng2 Kg7 22. f4 c6 1/2-1/2

[Event "Hessen-ch Seniors op 04th"]
[Site "Bad Sooden-Allendorf"]
[Date "2008.05.01"]
[Round "8"]
[White "Schneider, Miloca"]
[Black "Harke, Horst"]
[Result "1/2-1/2"]
[WhiteElo "1776"]
[BlackElo "1675"]
[PlyCount "48"]
[EventDate "2008.04.24"]
[EventType "swiss"]
[EventRounds "9"]
[EventCountry "GER"]
[SourceTitle "EXT 2022"]
[Source "ChessBase"]
[SourceDate "2021.10.06"]
[SourceVersion "1"]
[SourceVersionDate "2021.10.06"]
[SourceQuality "1"]

1. d4 d5 2. c4 c6 3. Nc3 Nf6 4. e3 e6 5. Nf3 Bb4 6. Bd3 Nbd7 7. 0-0 Bxc3 8. bxc3 0-0 9. Nd2 e5 10. e4 dxe4 11. Nxe4 Nxe4 12. Bxe4 f5 13. Bc2 exd4 14. cxd4 Nf6 15. Re1 Re8 16. Bb2 Rxe1+ 17. Qxe1 Qc7 18. d5 Kf7 19. Be5 Qd8 20. Bb3 c5 21. f3 Bd7 22. Qf2 b6 23. Qg3 g6 24. h4 h6 1/2-1/2

[Event "Bad Woerishofen Seniors op 24th"]
[Site "Bad Woerishofen"]
[Date "2008.03.06"]
[Round "8"]
[White "Harke, Horst"]
[Black "Narr, Irmgard"]
[Result "1/2-1/2"]
[WhiteElo "1659"]
[BlackElo "1567"]
[PlyCount "100"]
[EventDate "2008.02.28"]
[EventType "swiss"]
[EventRounds "9"]
[EventCountry "GER"]
[SourceTitle "EXT 2022"]
[Source "ChessBase"]
[SourceDate "2021.10.06"]
[SourceVersion "1"]
[SourceVersionDate "2021.10.06"]
[SourceQuality "1"]

1. d4 Nf6 2. c4 e6 3. Nc3 d5 4. e3 Be7 5. Nf3 c5 6. Bd2 cxd4 7. Nxd4 Nc6 8. Nxc6 bxc6 9. cxd5 cxd5 10. Bb5+ Bd7 11. Qa4 0-0 12. Bxd7 Nxd7 13. 0-0 Nb6 14. Qd1 Qd7 15. b3 Rfc8 16. Ne2 Bf6 17. Rc1 Rxc1 18. Qxc1 Rc8 19. Qb1 Qb7 20. Ng3 Nd7 21. f4 Bh4 22. Ne2 Nc5 23. g3 Bf6 24. Rc1 Ne4 25. Rxc8+ Qxc8 26. Qc1 Qb7 27. Be1 Be7 28. Nd4 Bc5 29. Kg2 Bxd4 30. exd4 f5 31. Qc2 h5 32. a4 a6 33. Ba5 Kh7 34. b4 Qd7 35. h4 Qa7 36. Qd3 Qb7 37. Qd1 g6 38. Qc2 Kg8 39. Qc7 Qxc7 40. Bxc7 Nc3 41. Kf3 Kf7 42. Ke3 Nxa4 43. Kd2 Nb2 44. Bd8 Ke8 45. Bg5 Kd7 46. Kc2 Nc4 47. Kb3 Kc7 48. Ka4 Kb7 49. Bf6 Kc7 50. Bg5 Kb7 1/2-1/2

[Event "Bad Woerishofen Seniors op 24th"]
[Site "Bad Woerishofen"]
[Date "2008.02.29"]
[Round "2"]
[White "Harke, Horst"]
[Black "Buss, Richard"]
[Result "1-0"]
[WhiteElo "1659"]
[BlackElo "1394"]
[PlyCount "115"]
[EventDate "2008.02.28"]
[EventType "swiss"]
[EventRounds "9"]
[EventCountry "GER"]
[SourceTitle "EXT 2022"]
[Source "ChessBase"]
[SourceDate "2021.10.06"]
[SourceVersion "1"]
[SourceVersionDate "2021.10.06"]
[SourceQuality "1"]

1. d4 d5 2. c4 dxc4 3. e3 e6 4. Bxc4 a6 5. Nf3 b5 6. Be2 Bb7 7. 0-0 Nf6 8. Nbd2 Bd6 9. Nb3 0-0 10. Bd2 Nc6 11. Rc1 Ne4 12. Bd3 f5 13. Nc5 Nxc5 14. dxc5 Be7 15. Be2 Bf6 16. Qc2 Qe7 17. b4 Rad8 18. Rfd1 Bc8 19. a4 bxa4 20. Qxa4 Nb8 21. Qb3 c6 22. Be1 Rxd1 23. Rxd1 Rd8 24. Rxd8+ Qxd8 25. Bc4 Qe7 26. Qd3 g6 27. Nd4 Kg7 28. Ne2 Qc7 29. f3 Qd7 30. Qxd7+ Nxd7 31. Bxe6 Kf8 32. Bc3 Ke7 33. Bxd7 Bxd7 34. Be1 g5 35. g3 Ke6 36. h4 h6 37. hxg5 hxg5 38. Bc3 Kf7 39. Kf2 Be6 40. Bxf6 Kxf6 41. e4 fxe4 42. fxe4 Ke5 43. Ke3 Bd7 44. Nd4 Be8 45. Nf3+ Kf6 46. Kd4 g4 47. Ne5 Kg5 48. Nc4 Bd7 49. Ke5 Kg6 50. Ne3 Kf7 51. Kd6 Ke8 52. e5 Kd8 53. Nc4 Be8 54. e6 Kc8 55. Ne5 Kb7 56. Nxg4 a5 57. bxa5 Ka6 58. Nf6 1-0

[Event "Bad Woerishofen Seniors op 24th"]
[Site "Bad Woerishofen"]
[Date "2008.02.28"]
[Round "1"]
[White "Weyrauch, Erich"]
[Black "Harke, Horst"]
[Result "1-0"]
[WhiteElo "2054"]
[BlackElo "1659"]
[PlyCount "107"]
[EventDate "2008.02.28"]
[EventType "swiss"]
[EventRounds "9"]
[EventCountry "GER"]
[SourceTitle "EXT 2022"]
[Source "ChessBase"]
[SourceDate "2021.10.06"]
[SourceVersion "1"]
[SourceVersionDate "2021.10.06"]
[SourceQuality "1"]

1. e4 e5 2. Nf3 Nf6 3. Nc3 Bb4 4. Bc4 Bxc3 5. dxc3 d6 6. 0-0 0-0 7. Bg5 Bg4 8. h3 Bxf3 9. Qxf3 Nbd7 10. Rad1 Qe7 11. Rfe1 Rad8 12. b4 h6 13. Bh4 g5 14. Bg3 Kg7 15. a4 Nh7 16. Rd3 Qf6 17. Qe2 Qg6 18. Rf3 Nhf6 19. Qe3 b6 20. Rf5 Nh5 21. Rd1 Nxg3 22. fxg3 f6 23. Rdf1 Rde8 24. Qf3 Re7 25. Bb5 Nb8 26. Qd1 a6 27. Be2 Nd7 28. Bh5 Qh7 29. Qd3 Ra8 30. Qc4 Ra7 31. Qd3 Qg8 32. c4 Ra8 33. c3 a5 34. Bd1 Qf8 35. R5f2 Rf7 36. Bh5 Re7 37. Bg4 axb4 38. cxb4 Rd8 39. Qf3 Qf7 40. Bxd7 Rexd7 41. Qa3 Qg6 42. Rxf6 Qxe4 43. c5 bxc5 44. bxc5 dxc5 45. Qb3 c4 46. Qb4 c5 47. Qb6 Qd4+ 48. Kh2 Rd6 49. Qb7+ R6d7 50. Qf3 e4 51. Qf5 Qxf6 52. Qxf6+ Kh7 53. Qf5+ Kg7 54. Qe5+ 1-0

[Event "Chiemgau Seniors Cup 3th"]
[Site "Bergen"]
[Date "2007.10.29"]
[Round "8"]
[White "Bachl, Anton"]
[Black "Harke, Horst"]
[Result "1-0"]
[WhiteElo "1741"]
[BlackElo "1665"]
[PlyCount "107"]
[EventDate "2007.10.22"]
[EventType "swiss"]
[EventRounds "9"]
[EventCountry "GER"]
[SourceTitle "EXT 2008"]
[Source "ChessBase"]
[SourceDate "2007.11.25"]
[SourceVersion "1"]
[SourceVersionDate "2007.11.25"]
[SourceQuality "1"]

1. e4 e5 2. Nf3 Nf6 3. Nc3 Bb4 4. d3 Bxc3+ 5. bxc3 d6 6. Be2 0-0 7. 0-0 Bg4 8. Bg5 Nbd7 9. h3 Be6 10. c4 h6 11. Bd2 Nh7 12. Nh2 f5 13. exf5 Bxf5 14. Bg4 Bxg4 15. Qxg4 Ndf6 16. Qe2 Qd7 17. f4 Rae8 18. fxe5 Rxe5 19. Qf3 c6 20. Rae1 Rxe1 21. Rxe1 d5 22. cxd5 Qxd5 23. Qxd5+ Nxd5 24. c4 Nf4 25. d4 Ng6 26. Nf3 Nf6 27. Bc3 Re8 28. Rd1 Re2 29. Bd2 Ne4 30. d5 Nxd2 31. Nxd2 cxd5 32. cxd5 Nf4 33. d6 Rxg2+ 34. Kf1 Rg6 35. Ne4 Ne6 36. Rc1 b6 37. Rc8+ Kf7 38. Rc7+ Nxc7 39. dxc7 Rc6 40. c8Q Rxc8 41. Nd6+ Ke6 42. Nxc8 a6 43. Nxb6 Kd6 44. Ke2 g6 45. Ke3 g5 46. Kd4 h5 47. Nc4+ Kc6 48. Ne5+ Kb6 49. Nc4+ Kc6 50. Ne3 Kb6 51. Kc4 a5 52. Nf5 Kc6 53. Ng3 h4 54. Ne4 1-0